000
00322nam a22001457a 4500
008
231101b ||||| |||| 00| 0 eng d
020
_a
354054674X
041
_a
eng
080
_a
030
082
_a
030DEV
100
_a
40
101
_a
ENCIK
245
_a
EVOLUTION AN EVOLVING THEORY
_c
DEVILLERS.CH
942
_2
udc
_c
BK
999
_c
60480
_d
60480